Loading...
| History - World | 0 | 6 | 1 | 1 | 55 | 100 | 124.67 | 0 | 1 | 0.00 | 0.00 |
| Fine Arts - Classical Music | 0 | 5 | 0 | 2 | 50 | 122 | 128.80 | 0 | 0 | 0.00 | 0.00 |
| History - European | 0 | 3 | 2 | 0 | 20 | 116 | 128.67 | 0 | 1 | 0.00 | 0.00 |
| History - Other | 0 | 3 | 2 | 0 | 20 | 104 | 120.00 | 0 | 1 | 0.00 | 0.00 |
| Literature - World | 0 | 2 | 0 | 1 | 20 | 102 | 121.00 | 0 | 0 | 0.00 | 0.00 |
| Current Events | 0 | 1 | 0 | 0 | 10 | 70 | 70.00 | 0 | 0 | 0.00 | 0.00 |
| Fine Arts - Other | 0 | 1 | 0 | 1 | 10 | 140 | 140.00 | 0 | 0 | 0.00 | 0.00 |
| Fine Arts - Painting & Sculpture | 0 | 1 | 0 | 0 | 10 | 113 | 113.00 | 0 | 0 | 0.00 | 0.00 |
| Literature - British | 0 | 1 | 0 | 0 | 10 | 150 | 150.00 | 0 | 0 | 0.00 | 0.00 |
| Literature - European | 0 | 1 | 0 | 0 | 10 | 147 | 147.00 | 0 | 0 | 0.00 | 0.00 |
| Mythology | 0 | 1 | 0 | 0 | 10 | 103 | 103.00 | 0 | 0 | 0.00 | 0.00 |
| Other Academic | 0 | 1 | 0 | 0 | 10 | 119 | 119.00 | 0 | 0 | 0.00 | 0.00 |
| Science - Biology | 0 | 1 | 0 | 1 | 10 | 125 | 125.00 | 0 | 0 | 0.00 | 0.00 |
| Social Science | 0 | 1 | 1 | 0 | 5 | 127 | 127.00 | 0 | 0 | 0.00 | 0.00 |
| Religion | 0 | 1 | 2 | 0 | 0 | 107 | 107.00 | 0 | 1 | 0.00 | 0.00 |
| Geography | 0 | 1 | 3 | 0 | -5 | 105 | 105.00 | 0 | 0 | 0.00 | 0.00 |